书目信息 |
| 题名: |
依依蔷薇
|
|
| 作者: | 琼瑶心 著 | |
| 分册: | ||
| 出版信息: | 北京 中国文联出版公司 1993 |
|
| 页数: | 160页 | |
| 开本: | 19cm | |
| 丛书名: | ||
| 单 册: | ||
| 中图分类: | I247.47 | |
| 科图分类: | ||
| 主题词: | 中篇小说--中国--现代 | |
| 电子资源: | ||
| ISBN: | 7-5059-0920-7 | |
| 000 | 00621nam0 2200229 450 | |
| 001 | 0100439285 | |
| 005 | 20100910104410.0 | |
| 010 | @a7-5059-0920-7@dCNY3.65 | |
| 011 | @a7-5059-0920-7 | |
| 100 | @a20021005d1993 em y0chiy0110 ea | |
| 101 | 0 | @achi |
| 102 | @aCN@b110000 | |
| 105 | @ay z 000ay | |
| 106 | @ar | |
| 200 | 1 | @a依依蔷薇@9Yi Yi Qiang Wei @f琼瑶心著@b专著 |
| 210 | @a北京@c中国文联出版公司@d1993 | |
| 215 | @a160页@d19cm | |
| 606 | 0 | @a中篇小说@y中国@z现代 |
| 690 | @aI247.47@v3 | |
| 701 | 0 | @a琼瑶心@9qiong yao xin@4著 |
| 801 | 0 | @aCN@bAiZhiMarc@c19940127 |
| 905 | @aBZT@dI247.47@e11@f1@sI247.47/11 | |
| 依依蔷薇/琼瑶心著.-北京:中国文联出版公司,1993 |
| 160页;19cm |
| ISBN 7-5059-0920-7:CNY3.65 |
| ● |
| 相关链接 |
|
|
|
正题名:依依蔷薇
索取号:I247.47/11
 
预约/预借
| 序号 | 登录号 | 条形码 | 馆藏地/架位号 | 状态 | 备注 |
| 1 | 2000132005 | 2000132005 | 旧书回溯/ [索取号:I247.47/11] | 在馆 |